Britain 1985: an official handbook

Պահպանված է:
Մատենագիտական մանրամասներ
Համատեղ հեղինակ: Central Office of Information
Ձևաչափ: Տեքստ
Հրապարակվել է: Londres: Central Office of Information
Ցուցիչներ: Ավելացրեք ցուցիչ
Չկան պիտակներ, Եղեք առաջինը, ով նշում է այս գրառումը!

MARC

LEADER 00000 a a2200000 04500
001 23792
003
040
090 |a 168300  
110 |a Central Office of Information  
245 |a Britain 1985: an official handbook  
260 |a Londres:   |b Central Office of Information  
300 |a 423 p.   |b fonodiscos  
999 |c 10834  |d 10834